Houses! (Record no. 119234)
[ view plain ]
| 000 -LEADER | |
|---|---|
| fixed length control field | 01289cas a22002895a 4500 |
| 001 - CONTROL NUMBER | |
| control field | L148105 |
| 008 - FIXED-LENGTH DATA ELEMENTS--GENERAL INFORMATION | |
| fixed length control field | 090728c2009 xxkqu2wss s 000 eng d |
| 035 ## - SYSTEM CONTROL NUMBER | |
| System control number | (Sirsi) u148105 |
| 041 0# - LANGUAGE CODE | |
| Language code of text/sound track or separate title | eng |
| 110 2# - MAIN ENTRY--CORPORATE NAME | |
| Corporate name or jurisdiction name as entry element | Nottingham Trent University |
| Subordinate unit | School of Architecture, Design and the Built Environment |
| 9 (RLIN) | 5777 |
| 245 00 - TITLE STATEMENT | |
| Title | Houses! |
| Medium | [electronic resource] |
| 260 ## - PUBLICATION, DISTRIBUTION, ETC. | |
| Place of publication, distribution, etc. | Nottingham |
| Name of publisher, distributor, etc. | Nottingham Trent University |
| Date of publication, distribution, etc. | 2009- |
| 362 0# - DATES OF PUBLICATION AND/OR SEQUENTIAL DESIGNATION | |
| Dates of publication and/or sequential designation | (1) July 2009- |
| 362 0# - DATES OF PUBLICATION AND/OR SEQUENTIAL DESIGNATION | |
| Dates of publication and/or sequential designation | (2) October 2009 |
| 362 0# - DATES OF PUBLICATION AND/OR SEQUENTIAL DESIGNATION | |
| Dates of publication and/or sequential designation | (3) January 2010 |
| 362 0# - DATES OF PUBLICATION AND/OR SEQUENTIAL DESIGNATION | |
| Dates of publication and/or sequential designation | (4) April 2010 |
| 362 0# - DATES OF PUBLICATION AND/OR SEQUENTIAL DESIGNATION | |
| Dates of publication and/or sequential designation | (5) August 2010 |
| 362 0# - DATES OF PUBLICATION AND/OR SEQUENTIAL DESIGNATION | |
| Dates of publication and/or sequential designation | (6) Winter 2010 |
| 362 0# - DATES OF PUBLICATION AND/OR SEQUENTIAL DESIGNATION | |
| Dates of publication and/or sequential designation | (7) April 2011 |
| 520 ## - SUMMARY, ETC. | |
| Summary, etc. | This newsletter examines in details the residential property market in the United Kingdom and presents economic trends. It includes many statistics and an explanation of specialised terms. The first issue is of July 2009. |
| 554 ## - | |
| -- | Irregular |
| 651 #4 - SUBJECT ADDED ENTRY--GEOGRAPHIC NAME | |
| Geographic name | United Kingdom |
| Chronological subdivision | |
| 690 ## - LOCAL SUBJECT ADDED ENTRY--TOPICAL TERM (OCLC, RLIN) | |
| Topical term or geographic name as entry element | PROPERTY-RESIDENTIAL PROPERTY-RESIDENTIAL PROPERTY MARKET |
| 710 2# - ADDED ENTRY--CORPORATE NAME | |
| Corporate name or jurisdiction name as entry element | Nottingham Trent University |
| Subordinate unit | Nottingham Business School |
| -- | Nottingham Economics |
| 9 (RLIN) | 5778 |
| 856 40 - ELECTRONIC LOCATION AND ACCESS | |
| Uniform Resource Identifier | <a href="https://www.ntu.ac.uk/adbe/news_events/residential_property_advice/index.html?campaignid=propertynewsletter">https://www.ntu.ac.uk/adbe/news_events/residential_property_advice/index.html?campaignid=propertynewsletter</a> |
| Public note | View the newsletter free of charge at www.ntu.ac.uk |
| 942 ## - ADDED ENTRY ELEMENTS (KOHA) | |
| Suppress in OPAC | 0 |
| Withdrawn status | Lost status | Source of classification or shelving scheme | Damaged status | Not for loan | Home library | Current library | Shelving location | Date acquired | Total Checkouts | Full call number | Barcode | Date last seen | Price effective from | Koha item type |
|---|---|---|---|---|---|---|---|---|---|---|---|---|---|---|
| Dewey Decimal Classification | Virtual | Virtual | Online | 28/07/2009 | ONLINE PUBLICATION | 148105-1001 | 06/08/2019 | 06/08/2019 | Journal |